Into exile and back (Record no. 75611)

MARC details
000 -LEADER
fixed length control field 00571nam a22002177a 4500
005 - DATE AND TIME OF LATEST TRANSACTION
control field 20230412115612.0
008 - FIXED-LENGTH DATA ELEMENTS--GENERAL INFORMATION
fixed length control field 230330b |||||||| |||| 00| 0 eng d
020 ## - INTERNATIONAL STANDARD BOOK NUMBER
International Standard Book Number 998224020X
040 ## - CATALOGING SOURCE
Original cataloging agency CBULib
Transcribing agency CBULib
041 ## - LANGUAGE CODE
Language code of text/sound track or separate title eng
050 ## - LIBRARY OF CONGRESS CALL NUMBER
Classification number DT 3111.Z85 Zuk
100 ## - MAIN ENTRY--PERSONAL NAME
Personal name Zukas, Simon
245 ## - TITLE STATEMENT
Title Into exile and back
Statement of responsibility, etc. / by Simon Zukas
260 ## - PUBLICATION, DISTRIBUTION, ETC.
Place of publication, distribution, etc. Lusaka :
Name of publisher, distributor, etc. Bookworld,
Date of publication, distribution, etc. 2002
300 ## - PHYSICAL DESCRIPTION
Extent vii, 220 pages : illustrations
600 ## - SUBJECT ADDED ENTRY--PERSONAL NAME
Personal name ZUKAS, SIMON
650 ## - SUBJECT ADDED ENTRY--TOPICAL TERM
Topical term or geographic name entry element CABINET OFFICERS
650 ## - SUBJECT ADDED ENTRY--TOPICAL TERM
Topical term or geographic name entry element EXILES
650 ## - SUBJECT ADDED ENTRY--TOPICAL TERM
Topical term or geographic name entry element POLITICS--GOVERNMENT--ZAMBIA
942 ## - ADDED ENTRY ELEMENTS (KOHA)
Koha item type MONOGRAPH
999 ## -
-- 75611
-- 75611
Holdings
Withdrawn status Lost status Source of classification or shelving scheme Damaged status Not for loan Collection code Permanent Location Current Location Shelving location Date acquired Source of acquisition Cost, normal purchase price Total Checkouts Full call number Barcode Date last seen Date last checked out Copy number Cost, replacement price Price effective from Koha item type Total Renewals Checked out
          Main Library Open Access Collection CBU-MAIN LIBRARY, KITWE. CBU-MAIN LIBRARY, KITWE. General Stacks 03/30/2023 DON-BOOKAID 60.86 1 DT 3111.Z85 Zuk 751872 06/26/2023 06/12/2023 3 79.11 03/30/2023 MONOGRAPH    
          Main Library Open Access Collection CBU-MAIN LIBRARY, KITWE. CBU-MAIN LIBRARY, KITWE. General Stacks 03/30/2023 DON-BOOKAID 60.86   DT 3111.Z85 Zuk 751873 03/30/2023   4 79.11 03/30/2023 MONOGRAPH    
          Medical Library Collection CBU-SCHOOL OF MEDICINE LIBRARY, NDOLA. CBU-MICHAEL CHILUFYA SATA LIBRARY School of Medicine Collection - Hospital Campus 04/04/2023 DON-BOOKAID 60.86 1 DT 3111.Z85 Zuk 905348 06/19/2026 06/19/2026 1 79.11 04/04/2023 MONOGRAPH 1 07/05/2026
          Medical Library Collection CBU-SCHOOL OF MEDICINE LIBRARY, NDOLA. CBU-SCHOOL OF MEDICINE LIBRARY, NDOLA. School of Medicine Collection - Hospital Campus 04/04/2023 DON-BOOKAID 60.86   DT 3111.Z85 Zuk 905349 04/04/2023   2 79.11 04/04/2023 MONOGRAPH